The invitation / (Record no. 7355)

MARC details
000 -LEADER
fixed length control field 00518cam a2200193 a 4500
020 ## - INTERNATIONAL STANDARD BOOK NUMBER
ISBN 9964303459
020 ## - INTERNATIONAL STANDARD BOOK NUMBER
ISBN 9789964303457
050 00 - CALL NUMBER
Classification number PR9379.9.A94
Item number I58
100 1# - AUTHOR
Personal name Azasu, Kwakuvi,
245 14 - TITLE
Title The invitation /
Statement of responsibility, etc Kwakuvi Azasu.
260 ## - PUBLICATION INFORMATION
Place of publication Accra :
Name of publisher Ghana Universities Press,
Year of publication 2006.
300 ## - DESCRIPTION
Number of Pages 368 p. ;
Dimensions 19 cm.
500 ## - NOTES
General note Includes glossary of non-English words.
650 #0 - SUBJECTS
Topical Term Quarreling
650 #0 - SUBJECTS
Topical Term Ewe (African people)
650 #0 - SUBJECTS
Topical Term Merchant ships
650 #0 - SUBJECTS
Topical Term Merchant ships
942 ## - ADDED ENTRY ELEMENTS (KOHA)
Koha item type Books
Holdings
Withdrawn status Lost status Collection code Home library Current library Shelving location Date acquired Full call number Accession Number Koha item type
    Reference Methodist University Library Main Methodist University Library Main General Stacks 05/02/2013 PR9379.9.A94 I58 36971 Books
    Reference Methodist University Library Main Methodist University Library Main General Stacks 05/02/2013 PR9379.9.A94 I58 36970 Books
Copyright © 2026  MUG Library